Normal view
MARC view
- عجلون-الاردن-تاريخ -دوائر معارف
Entry Topical Term
001 - CONTROL NUMBER
- control field: 61157
003 - CONTROL NUMBER IDENTIFIER
- control field: JO-AjAnu
005 - DATE AND TIME OF LATEST TRANSACTION
- control field: 20230606084008.0
008 - FIXED-LENGTH DATA ELEMENTS
- fixed length control field: 230606|| aca||aabn | a|a d
040 ## - CATALOGING SOURCE
- Original cataloging agency: JO-AjAnu
- Transcribing agency: JO-AjAnu
150 ## - HEADING--TOPICAL TERM
- Topical term or geographic name entry element: عجلون-الاردن-تاريخ -دوائر معارف
670 ## - SOURCE DATA FOUND
- Source citation: Work cat.: (JO-AjAnu)31193: رئيس التحريرالغرايبة، خليف مصطفى واخرون؛ التدقيق اللغوي علي الشطرات؛ التنسيق والاخراج الفني محمد الزعبي, author 61156, موسوعة المعارف الاردنية: محافظة عجلون، السكان في محافظة عجلون( دراسة ديموغرافية انثروبولوجية)، ج3